000 00558nam a2200181Ia 4500
001 9343
005 20260306161711.0
008 260306t2001||||xx |||||||||||||| ||spa||
041 _aESP
082 _a378.107
_bH84
100 _aHuanambal Tiravanti, Víctor
_eAUT
245 0 _aPlanificación aplicada a la gestión estratégica universitaria:
_bmanual para su formulación desde la perspectiva de unidades estratégicas de gestión
260 _c2001
300 _a223 páginas :
_c21 cm.
650 _aGEN
654 _aCED
942 _cLIB
_dJUS
_fJUS
_2ddc
_n
999 _c9343
_d9343